Fr. Conceicao Rodrigues College of Engineering

Operating Systems Concepts & design (Record no. 20798)

MARC details
000 -LEADER
fixed length control field 00338nam a2200145Ia 4500
082 ## - DEWEY DECIMAL CLASSIFICATION NUMBER
Classification number 1.644
Item number PAN
100 ## - MAIN ENTRY--PERSONAL NAME
Personal name Milenkovic/ Milan
245 ## - TITLE STATEMENT
Title Operating Systems Concepts & design
260 ## - PUBLICATION, DISTRIBUTION, ETC.
Name of publisher, distributor, etc. Mc Graw Hill
Place of publication, distribution, etc. Singapore
Date of publication, distribution, etc. 1992
300 ## - PHYSICAL DESCRIPTION
Extent 755
546 ## - LANGUAGE NOTE
Language note ENGLISH
654 ## - SUBJECT ADDED ENTRY--FACETED TOPICAL TERMS
Focus term Operating System & design
942 ## - ADDED ENTRY ELEMENTS (KOHA)
Koha item type Reference Book
Holdings
Withdrawn status Lost status Damaged status Not for loan Collection Home library Current library Shelving location Date acquired Source of acquisition Cost, normal purchase price Total Checkouts Full call number Barcode Date last seen Cost, replacement price Price effective from Koha item type
        CRC Fr. Agnel's C.Rodrigues College of Engineering Fr. Agnel's C.Rodrigues College of Engineering   17/03/2023 global books 249.00   1.644 PAN 5600 17/03/2023 249.00 17/03/2023 Reference Book